Оценка социально-психологических особенностей студентов: методическое пособие

Бібліографічні деталі
Автор: Иванкина Л. И. Любовь Ивановна
Інші автори: Раточка Л. А.
Резюме:В фонде НТБ ТПУ отсутствует
Мова:Російська
Опубліковано: Томск, Изд-во ТПУ, 2002
Предмети:
Формат: MixedMaterials Книга
KOHA link:https://koha.lib.tpu.ru/cgi-bin/koha/opac-detail.pl?biblionumber=599953

MARC

LEADER 00000nam0a2200000 4500
001 599953
005 20231101132101.0
035 |a (RuTPU)RU\TPU\tpu\24115 
035 |a RU\TPU\tpu\24113 
090 |a 599953 
100 |a 20131209d2002 m y0rusy50 ca 
101 0 |a rus 
102 |a RU 
105 |a a z 001zy 
200 1 |a Оценка социально-психологических особенностей студентов  |e методическое пособие   |f Л. И. Иванкина, Л. А. Раточка 
210 |a Томск  |c Изд-во ТПУ  |d 2002 
215 |a 26 с. 
333 |a В фонде НТБ ТПУ отсутствует 
610 1 |a труды учёных ТПУ 
700 1 |a Иванкина  |b Л. И.  |c специалист в области философии, социологии и психологии образования  |c профессор Томского политехнического университета, доктор философских наук  |f 1956-  |g Любовь Ивановна  |x TPU  |2 stltpush  |3 (RuTPU)RU\TPU\pers\25426 
701 1 |a Раточка  |b Л. А. 
801 1 |a RU  |b 63413507  |c 20130212 
801 2 |a RU  |b 63413507  |c 20131209  |g RCR 
942 |c BK